000 00599nam a2200181Ia 4500
005 20260429112240.0
008 260429s9999||||xx |||||||||||||| ||und||
020 _a9789394329157
041 _aHindi
082 _a923.2
_bTRI
100 _aत्रिपाठी, दिनेश
245 0 _aमहात्मा गांधी :
_bजीवन दर्शन /
_cदिनेश त्रिपाठी
250 _a1st ed.
260 _aजयपुर :
_bगैलेक्सी बुक कंपनी,
_c2023.
300 _a240 p.; Hb
650 _aBiography
942 _cTB
999 _c53115
_d53115